000 00722nam a2200217Ia 4500
003 CO-CtgCURN
005 20250410172744.0
008 190723s9999 xx 000 0 und d
020 _a9588192455
040 _aCO-CtgCURN
_bspa
_ccoctgcurn
082 _a345.06
_bR696p
100 _aRodriguez, Orlando Alfonso
245 0 _aPrueba Ilicita penal /
_cOrlando Alfonso Rodriguez
260 _aBogotá, Colombia :
_bGrupo Editorial Ibañez,
_c2003
300 _a471 páginas ;
_c22 centímetros
521 _aAREA PROFESIONAL
590 _aPrograma de Derecho_18
650 _aPrueba (Derecho)
942 _cBK
_h345.06
_iR696p
_2ddc
_n0
999 _c28959
_d28959